All iPhone Worldclock Cities - Statistics

General Stats
  • This quiz has been taken 9 times
    5 since last reset
  • The average score is 190 of 534
Answers on the Map
Answers color-coded by a green-red scale on the quiz's map according to % correct below.
 
Answer Stats
Country Population City % Correct
Egypt 5107530 Alexandria
75%
Algeria 2364230 Algiers
75%
Jordan 1812059 Ammān
75%
The Netherlands 933680 Amsterdam
75%
Andorra 20430 Andorra la Vella
75%
Turkey 3517182 Ankara
75%
Turkmenistan 727700 Ashgabat
75%
Greece 664046 Athens
75%
Iraq 7216000 Baghdad
75%
Azerbaijan 1116513 Baku
75%
Spain 1620343 Barcelona
75%
Lebanon 1916100 Beirut
75%
Serbia 1397939 Belgrade
75%
Germany 3769495 Berlin
75%
Switzerland 121631 Bern
75%
Kyrgyzstan 900000 Bishkek
75%
Italy 366133 Bologna
75%
Belgium 1211035 Brussels
75%
Romania 2151665 Bucharest
75%
Hungary 1752286 Budapest
75%
Egypt 9293612 Cairo
75%
United Kingdom 447287 Cardiff
75%
Morocco 3359818 Casablanca
75%
Moldova 635994 Chisinau
75%
Denmark 632340 Copenhagen
75%
Syria 1569394 Damascus
75%
Ireland 554554 Dublin
75%
Tajikistan 679400 Dushanbe
75%
United Kingdom 464990 Edinburgh
75%
Germany 650000 Frankfurt am Main
75%
Palestine 410000 Gaza
75%
Switzerland 183981 Geneva
75%
Gibraltar 26544 Gibraltar
75%
Germany 1899160 Hamburg
75%
Finland 558457 Helsinki
75%
Greece 137154 Heraklion
75%
Pakistan 601600 Islamabad
75%
Turkey 15214177 Istanbul
75%
Israel/Palestine 801000 Jerusalem
75%
Afghanistan 3043532 Kabul
75%
Russia 431902 Kaliningrad
75%
Pakistan 11624219 Karachi
75%
Poland 757611 Kraków
75%
Ukraine 2950800 Kyiv
75%
Peru 8838102 Lima
75%
Portugal 517802 Lisbon
75%
Slovenia 272220 Ljubljana
75%
United Kingdom 8908081 London
75%
Luxembourg 76684 Luxembourg
75%
France 472317 Lyon
75%
Spain 3223334 Madrid
75%
Sweden 301706 Malmö
75%
France 794811 Marseille
75%
Belarus 2020600 Minsk
75%
Monaco 32965 Monaco
75%
Russia 11747702 Moscow
75%
Germany 1471508 Munich
75%
Cyprus 200452 Nicosia
75%
Ukraine 1011494 Odessa
75%
Norway 580000 Oslo
75%
Italy 648260 Palermo
75%
France 2148271 Paris
75%
Montenegro 136473 Podgorica
75%
Czechia 1324277 Prague
75%
Kosovo 204721 Pristina
75%
Morocco 577827 Rabat
75%
Palestine 24599 Ramallah
75%
Iceland 118918 Reykjavík
75%
Russia 4879566 Saint Petersburg
75%
Austria 153377 Salzburg
75%
Russia 1164685 Samara
75%
Bosnia and Herzegovina 696731 Sarajevo
75%
North Macedonia 474889 Skopje
75%
Bulgaria 1238438 Sofia
75%
Sweden 975904 Stockholm
75%
Estonia 394024 Tallinn
75%
Uzbekistan 1978028 Tashkent
75%
Georgia 1049498 Tbilisi
75%
Iran 7153309 Tehran
75%
Israel 432892 Tel Aviv
75%
Greece 354290 Thessaloníki
75%
Albania 374801 Tirana
75%
Libya 591062 Tripoli
75%
Tunisia 638845 Tunis
75%
Malta 6794 Valletta
75%
Austria 1888776 Vienna
75%
Armenia 1093485 Yerevan
75%
Croatia 698966 Zagreb
75%
Switzerland 341730 Zürich
75%
Ivory Coast 4395243 Abidjan
50%
United Arab Emirates 603492 Abu Dhabi
50%
Ghana 2070463 Accra
50%
Ethiopia 3273000 Addis Ababa
50%
Australia 1165632 Adelaide
50%
Madagascar 1275207 Antananarivo
50%
Samoa 37391 Apia
50%
Eritrea 380568 Asmara
50%
Paraguay 521600 Asunción
50%
New Zealand 1470100 Auckland
50%
United States 961855 Austin
50%
Mali 1810366 Bamako
50%
Brunei 265371 Bandar Seri Begawan
50%
Thailand 5104476 Bangkok
50%
Central African Republic 734350 Bangui
50%
The Gambia 31054 Banjul
50%
Italy 277387 Bari
50%
Guinea-Bissau 387909 Bissau
50%
Colombia 7743955 Bogotá
50%
Brazil 3055149 Brasília
50%
Republic of the Congo 1373382 Brazzaville
50%
Barbados 5996 Bridgetown
50%
Australia 2054614 Brisbane
50%
Argentina 2890151 Buenos Aires
50%
Australia 431668 Canberra
50%
Mexico 628306 Cancún
50%
South Africa 3430992 Cape Town
50%
Venezuela 2087700 Caracas
50%
China 9235925 Chéngdū
50%
India 4646732 Chennai
50%
United States 2746388 Chicago
50%
China 7448106 Chóngqìng
50%
Sri Lanka 648034 Colombo
50%
Guinea 1660973 Conakry
50%
Argentina 1310394 Córdoba
50%
Ireland 190384 Cork
50%
Senegal 2646503 Dakar
50%
China 4845700 Dàlián
50%
United States 1304379 Dallas
50%
Tanzania 4364541 Dar es Salaam
50%
Australia 118456 Darwin
50%
Bangladesh 10356500 Dhaka
50%
Timor-Leste 150000 Dili
50%
Djibouti 475322 Djibouti
50%
Qatar 344939 Doha
50%
Ukraine 929063 Donetsk
50%
Cameroon 1906962 Douala
50%
Isle of Man 26218 Douglas
50%
United Arab Emirates 2956587 Dubai
50%
Brazil 2686612 Fortaleza
50%
Sierra Leone 1055964 Freetown
50%
Portugal 100847 Funchal
50%
Guyana 118369 Georgetown
50%
Mexico 1495182 Guadalajara
50%
China 9384160 Guăngzhōu
50%
Guatemala 1195727 Guatemala City
50%
Ecuador 2278691 Guayaquil
50%
Vietnam 8053663 Hanoi
50%
Zimbabwe 1485231 Harare
50%
Cuba 2132394 Havana
50%
Palestine 160470 Hebron
50%
Mexico 715061 Hermosillo
50%
Australia 178009 Hobart
50%
Vietnam 8993082 Ho Chi Minh City
50%
China 7012738 Hong Kong
50%
Solomon Islands 130176 Honiara
50%
United States 350964 Honolulu
50%
United States 2304580 Houston
50%
Indonesia 8540121 Jakarta
50%
South Africa 7860781 Johannesburg
50%
South Sudan 230195 Juba
50%
Nepal 1442271 Kathmandu
50%
Sudan 1410858 Khartoum
50%
Rwanda 859332 Kigali
50%
St. Vincent and the Grenadines 12961 Kingstown
50%
Democratic Republic of the Congo 7273947 Kinshasa
50%
India 4496694 Kolkata
50%
Malaysia 1453975 Kuala Lumpur
50%
Kuwait 60064 Kuwait City
50%
Nigeria 13903620 Lagos
50%
Bolivia 816044 La Paz
50%
Gabon 703940 Libreville
50%
Togo 2173800 Lomé
50%
Angola 6759313 Luanda
50%
Zambia 1747152 Lusaka
50%
Marshall Islands 20301 Majuro
50%
Equatorial Guinea 132440 Malabo
50%
Maldives 103693 Male
50%
Nicaragua 1052217 Managua
50%
Brazil 2219580 Manaus
50%
Philippines 1600000 Manila
50%
Mozambique 1080277 Maputo
50%
Åland Islands 10682 Mariehamn
50%
Morocco 928850 Marrakesh
50%
Lesotho 330760 Maseru
50%
Eswatini 57992 Mbabane
50%
Saudi Arabia 1323624 Mecca
50%
Australia 4196198 Melbourne
50%
Italy 219948 Messina
50%
Mexico 8918653 Mexico City
50%
United States 442241 Miami
50%
Somalia 4901000 Mogadishu
50%
Liberia 1021762 Monrovia
50%
United States 30218 Monterey
50%
Mexico 1135512 Monterrey
50%
Uruguay 1304687 Montevideo
50%
Canada 1704694 Montréal
50%
Comoros 74749 Moroni
50%
India 12442373 Mumbai
50%
Oman 797000 Muscat
50%
Kenya 4397073 Nairobi
50%
China 7743135 Nánjīng
50%
Italy 959477 Napoli
50%
Bahamas 246329 Nassau
50%
Chad 951418 N'Djamena
50%
India 257803 New Delhi
50%
United States 383997 New Orleans
50%
United States 8804190 New York
50%
Niger 978029 Niamey
50%
Mauritania 958399 Nouakchott
50%
Russia 1473754 Novosibirsk
50%
Tonga 23221 Nuku'alofa
50%
Greenland 18326 Nuuk
50%
Russia 1154116 Omsk
50%
Japan 2752412 Ōsaka
50%
Canada 934243 Ottawa
50%
Burkina Faso 1475223 Ouagadougou
50%
Panama 430299 Panama City
50%
Suriname 240924 Paramaribo
50%
Australia 1874578 Perth
50%
Cambodia 1573544 Phnom Penh
50%
Portugal 20056 Ponta Delgada
50%
Haiti 875978 Port-au-Prince
50%
Mauritius 146737 Port-Louis
50%
Benin 264320 Porto-Novo
50%
Cape Verde 127832 Praia
50%
Mexico 1434062 Puebla
50%
North Korea 3222000 Pyongyang
50%
China 5046746 Qīngdăo
50%
Ecuador 1607734 Quito
50%
Brazil 1653461 Recife
50%
Latvia 742572 Riga
50%
Brazil 6747815 Rio de Janeiro
50%
Saudi Arabia 4205961 Riyadh
50%
Italy 2318895 Roma
50%
Jersey 28000 Saint Helier
50%
Guernsey 16488 Saint Peter Port
50%
Yemen 1937451 Sanaa
50%
United States 1434625 San Antonio
50%
United States 1386932 San Diego
50%
Costa Rica 1453500 San José
50%
United States 1013240 San Jose
50%
Italy 876 San Marino
50%
El Salvador 209633 San Salvador
50%
United States 62956 Santa Cruz
50%
Chile 5220161 Santiago
50%
Dominican Republic 2581827 Santo Domingo
50%
Brazil 12325232 São Paulo
50%
São Tomé and Príncipe 66888 São Tomé
50%
Russia 837900 Saratov
50%
South Korea 9668465 Seoul
50%
China 10128294 Shànghăi
50%
China 5438315 Shĕnyáng
50%
China 10358381 Shēnzhèn
50%
Singapore 5453600 Singapore
50%
Kiribati 56338 South Tarawa
50%
United States 301578 St. Louis
50%
Fiji 185913 Suva
50%
Australia 4321535 Sydney
50%
Taiwan 2646204 Taipei
50%
Honduras 1276738 Tegucigalpa
50%
Bhutan 98676 Thimphu
50%
China 8382745 Tiānjīn
50%
Mexico 1300983 Tijuana
50%
Japan 9733276 Tōkyō
50%
Italy 870456 Torino
50%
Canada 2731571 Toronto
50%
Faroe Islands 13200 Tórshavn
50%
Mongolia 844818 Ulan Bator
50%
Liechtenstein 5197 Vaduz
50%
Canada 631486 Vancouver
50%
Vatican City 829 Vatican City
50%
Italy 219103 Verona
50%
Laos 196731 Vientiane
50%
Lithuania 542366 Vilnius
50%
Russia 592034 Vladivostok
50%
Russia 1021215 Volgograd
50%
New Zealand 215100 Wellington
50%
Namibia 325858 Windhoek
50%
Ivory Coast 212670 Yamoussoukro
50%
Myanmar 4477638 Yangon
50%
Cameroon 1817524 Yaoundé
50%
Pitcairn Islands 50 Adamstown
25%
Yemen 550602 Aden
25%
Kazakhstan 262457 Aktobe
25%
United States 564559 Albuquerque
25%
Russia 13045 Anadyr'
25%
United States 291247 Anchorage
25%
United States 498715 Atlanta
25%
Kazakhstan 180000 Atyrau
25%
United States 585708 Baltimore
25%
St. Kitts and Nevis 11400 Basseterre
25%
Guadeloupe 10058 Basse-Terre
25%
Brazil 1499641 Belém
25%
Malawi 800264 Blantyre
25%
United States 235684 Boise
25%
United States 675647 Boston
25%
Burundi 497166 Bujumbura
25%
Canada 1239220 Calgary
25%
St. Lucia 10634 Castries
25%
Italy 78970 Catanzaro
25%
French Guiana 61268 Cayenne
25%
Spain 78674 Ceuta
25%
United States 874579 Charlotte
25%
Thailand 200952 Chiang Mai
25%
Mexico 809232 Chihuahua
25%
Russia 324444 Chita
25%
Mexico 1321004 Ciudad Juárez
25%
United States 372624 Cleveland
25%
United States 905748 Columbus
25%
United States 715522 Denver
25%
United States 639111 Detroit
25%
Canada 932546 Edmonton
25%
Russia 1349977 Ekaterinburg
25%
United States 678815 El Paso
25%
Cyprus 42526 Famagusta
25%
Christmas Island 500 Flying Fish Cove
25%
Martinique 80041 Fort-de-France
25%
United States 230504 Fremont
25%
Botswana 231592 Gaborone
25%
Saint Barthélemy 2797 Gustavia
25%
Canada 316701 Halifax
25%
China 3193380 Héféi
25%
United States 887642 Indianapolis
25%
Russia 587891 Irkutsk
25%
United States 32255 Juneau
25%
Uganda 1680600 Kampala
25%
United States 3662 Knox
25%
Palau 9781 Koror
25%
Bonaire 3061 Kralendijk
25%
Russia 973826 Krasnoyarsk
25%
Malaysia 570407 Kuching
25%
Western Sahara 217732 Laâyoune
25%
China 279215 Lāsà
25%
United States 641903 Las Vegas
25%
United States 202591 Little Rock
25%
Svalbard 2368 Longyearbyen
25%
United States 3898747 Los Angeles
25%
United States 633045 Louisville
25%
Democratic Republic of the Congo 1283380 Lubumbashi
25%
China 520400 Macau
25%
United States 269840 Madison
25%
Russia 95982 Magadan
25%
Indonesia 1321717 Makassar
25%
Mayotte 6131 Mamoudzou
25%
Bahrain 147074 Manama
25%
Saint Martin 5700 Marigot
25%
United States 633104 Memphis
25%
Argentina 114893 Mendoza
25%
Mexico 777615 Mérida
25%
United States 577222 Milwaukee
25%
United States 429954 Minneapolis
25%
United States 689447 Nashville
25%
New Caledonia 94285 Nouméa
25%
United States 440646 Oakland
25%
United States 681054 Oklahoma City
25%
United States 486051 Omaha
25%
Kazakhstan 200000 Oral
25%
Aruba 74683 Oranjestad
25%
Russia 991162 Perm'
25%
Russia 179780 Petropavlovsk-Kamchatskiy
25%
United States 1603797 Philadelphia
25%
United States 1608139 Phoenix
25%
United States 302971 Pittsburgh
25%
Indonesia 455173 Pontianak
25%
United States 652503 Portland
25%
Papua New Guinea 364125 Port Moresby
25%
Chile 141984 Punta Arenas
25%
Canada 531902 Québec
25%
Dominica 14725 Roseau
25%
Réunion 147931 Saint-Denis
25%
Canada 32513 Saint-Georges
25%
United States 199723 Salt Lake City
25%
Uzbekistan 319366 Samarkand
25%
United States 873965 San Francisco
25%
Puerto Rico 322854 San Juan
25%
United States 127647 Santa Clara
25%
Brazil 306480 Santarém
25%
United States 737015 Seattle
25%
United States 192517 Sioux Falls
25%
Falkland Islands 2120 Stanley
25%
Canada 108860 St. John's
25%
Argentina 56593 Ushuaia
25%
Seychelles 26450 Victoria
25%
United States 689545 Washington
25%
Curaçao 136660 Willemstad
25%
Canada 705244 Winnipeg
25%
Russia 269601 Yakutsk
25%
Canada 19569 Yellowknife
25%
Russia 181728 Yuzhno-Sakhalinsk
25%
Mexico 673479 Acapulco de Juárez
0%
United States 24021 Acton (UK)
0%
United States 171 Adak
0%
Mexico 722250 Aguascalientes
0%
Niue 597 Alofi
0%
Belgium 459805 Antwerpen (Antwerp)
0%
Brazil 183381 Araguaína
0%
Kazakhstan 345604 Astana (Nur-Sultan)
0%
Canada 2753 Atikokan
0%
China 17174471 Bĕijīng (Beijing)
0%
United States 27131 Benicia
0%
United States 124321 Berkeley
0%
United States 3058 Beulah
0%
United States 44826 Blacksburg
0%
Canada 1112 Blanc-Sablon
0%
Brazil 419652 Boa Vista
0%
Australia 17814 Broken Hill
0%
United States 31386 Burlingame
0%
Canada 1766 Cambridge Bay
0%
Brazil 906092 Campo Grande
0%
Northern Mariana Islands 1496 Capitol Hill
0%
United States 5221 Center
0%
U.S. Virgin Islands 10354 Charlotte Amalie
0%
Mongolia 23 Choibalsan
0%
U.S. Virgin Islands 2433 Christiansted
0%
Turks and Caicos Islands 133 Cockburn Town
0%
Canada 5351 Creston
0%
Mexico 338650 Cuernavaca
0%
Brazil 618124 Cuiabá
0%
United States 60381 Cupertino
0%
Australia 768 Currie (King Island)
0%
United States 104901 Daly City
0%
Canada 12178 Dawson Creek
0%
United States 70522 Decatur
0%
Brazil 35700 Eirunepé
0%
Australia 53 Eucla
0%
Brazil 3101 Fernando de Noronha
0%
Italy 349296 Firenze (Florence)
0%
Canada 20155 Fort St. John
0%
United States 33805 Foster City
0%
Italy 580223 Genova (Genoa)
0%
Cayman Islands 36547 George Town (Cayman Islands)
0%
Sweden 572799 Göteborg (Gothenburg)
0%
United States 107395 Green Bay
0%
Mexico 72237 Guanajuato
0%
China 5410648 Hā'ĕrbīn (Harbin)
0%
Bermuda 854 Hamilton (NZ)
0%
Canada 8109 Happy Valley-Goose Bay
0%
United States 11340 Healdsburg
0%
Mexico 449815 Heroica Matamoros
0%
Mongolia 27924 Hovd
0%
Greenland 345 Illoqqortoormiut (Scoresbysund)
0%
Canada 3243 Inuvik
0%
Canada 7740 Iqaluit
0%
St. Helena 630 Jamestown
0%
Indonesia 134895 Jayapura
0%
China 216598 Kāshí (Kashgar)
0%
South Georgia and the South Sandwich Islands 22 King Edward Point
0%
Norfolk Island 100 Kingston (Jamaica)
0%
Jamaica 584627 Kingston (Ontario, Canada)
0%
United States 190740 Knoxville
0%
Kazakhstan 300000 Kyzylorda
0%
Argentina 178872 La Rioja
0%
Mexico 1238962 León de los Aldama
0%
United States 31625 Los Altos
0%
United States 33529 Los Gatos
0%
Sint Maarten 8143 Lower Prince's Quarter
0%
Brazil 1025360 Maceió
0%
United States 7568 Marengo
0%
Wallis and Futuna 1029 Mata'utu
0%
Mexico 381583 Mazatlán
0%
United States 33780 Menlo Park
0%
United States 8488 Menominee
0%
United States 1454 Metlakatla
0%
Mexico 689775 Mexicali
0%
Italy 1236837 Milano (Milan)
0%
United States 3544 Milbank
0%
Canada 71889 Moncton
0%
United States 14455 Monticello
0%
United States 8074 Montpelier
0%
United States 82376 Mountain View
0%
United States 79246 Napa
0%
Switzerland 7552 Naters
0%
India 5083 Nauru
0%
United States 983 New Salem
0%
Canada 1642 Nipigon
0%
United States 3699 Nome
0%
United States 53225 Novato
0%
Russia 547904 Novokuznetsk
0%
Mexico 22128 Ojinaga
0%
United States 38640 Pacifica
0%
American Samoa 3656 Pago Pago
0%
United States 68572 Palo Alto
0%
Canada 1481 Pangnirtung
0%
United States 59776 Petaluma
0%
United States 33458 Petersburg (Russia)
0%
United States 79871 Pleasanton
0%
Brazil 539354 Porto Velho
0%
Mexico 203342 Puerto Vallarta
0%
Canada 807 Rainy River
0%
Canada 2842 Rankin Inlet
0%
United States 84292 Redwood City
0%
Canada 215106 Regina
0%
Canada 198 Resolute
0%
Brazil 413418 Rio Branco
0%
Argentina 95796 Río Gallegos
0%
British Virgin Islands 6330 Road Town
0%
Antigua and Barbuda 22219 Saint John's
0%
Saint Pierre and Miquelon 5406 Saint-Pierre
0%
Argentina 518948 Salta
0%
United States 43908 San Bruno
0%
United States 30722 San Carlos
0%
Argentina 159139 San Fernando del Valle de Catamarca
0%
United States 91008 San Leandro
0%
Argentina 169947 San Luis
0%
Mexico 722772 San Luis Potosí
0%
United States 105661 San Mateo
0%
Argentina 548866 San Miguel de Tucumán
0%
United States 32127 San Pablo
0%
United States 61271 San Rafael
0%
United States 84605 San Ramon
0%
Argentina 257970 San Salvador de Jujuy
0%
Mexico 29311 Santa Isabel
0%
Mexico 626495 Santiago de Querétaro
0%
Canada 246376 Saskatoon
0%
Kazakhstan 147443 Shevchenko (Aktau)
0%
United States 7718 Shiprock
0%
United States 8458 Sitka
0%
United States 155805 Sunnyvale
0%
Canada 16604 Swift Current
0%
French Polynesia 2183 Taiohae
0%
United States 7506 Tell City
0%
Anguilla 1298 The Valley
0%
Canada 107909 Thunder Bay
0%
Mexico 489333 Toluca México
0%
Mexico 608836 Torreón
0%
France 127 Tréhet
0%
United States 126090 Vallejo
0%
United States 1741 Vevay
0%
United States 16759 Vincennes
0%
United States 70127 Walnut Creek
0%
Canada 25085 Whitehorse
0%
United States 2318 Winamac
0%
China 2860654 Wūlŭmùqí (Ürümqi)
0%
United States 657 Yakutat
0%
No matching quizzes found
Score Distribution
Percent of People with Each Score
Percentile by Number Answered
Your Score History
You have not taken this quiz since the last reset